书目信息 |
| 题名: |
离散数学和组合数学(第二版)
|
|
| 作者: | JameA.Anderson原 著 ;俞正光 陆枚(改编) | |
| 分册: | ||
| 出版信息: | 北京 高等教育出版社 2005.07 |
|
| 页数: | 608页 | |
| 开本: | 28cm | |
| 丛书名: | ||
| 单 册: | ||
| 中图分类: | O15 | |
| 科图分类: | ||
| 主题词: | 代数 , 数论 , 组合数学 | |
| 电子资源: | ||
| ISBN: | 7-04-016732-8 | |
| 000 | 00785nam0 2200229 450 | |
| 001 | 0962368818 | |
| 005 | 20090527092759.92 | |
| 010 | @a7-04-016732-8@dCNY41.00 | |
| 100 | @a20090526d2005 km y0chiy0120 ea | |
| 101 | 0 | @achi |
| 102 | @aCN@b110000 | |
| 200 | 1 | @a离散数学和组合数学(第二版)@Ali san shu xue he zu he shu xue(di er ban)@fJameA.Anderson原著@FJameA.Anderson yuan zhu@g俞正光 陆枚(改编)@Gyu zheng guang lu mei(gai bian) |
| 210 | @a北京@c高等教育出版社@d2005.07 | |
| 215 | @a608页@d28cm | |
| 606 | 0 | @a代数 |
| 606 | 0 | @a数论 |
| 606 | 0 | @a组合数学 |
| 690 | @aO15@v4 | |
| 701 | 0 | @aJameA.Anderson原@AJameA.Anderson yuan@4著 |
| 702 | 0 | @a俞正光 陆枚(改编)@Ayu zheng guang lu mei(gai bian) |
| 801 | 0 | @aCN@b大连网信软件有限公司图书馆·11@c20090527 |
| 905 | @aZUCC@dO15@eY930 | |
| 离散数学和组合数学(第二版)/JameA.Anderson原著/俞正光 陆枚(改编).-北京:高等教育出版社,2005.07 |
| 608页;28cm |
| ISBN 7-04-016732-8:CNY41.00 |
| ● |
| 相关链接 |
|
|
|
正题名:离散数学和组合数学(第二版)
索取号:O15/Y930
 
预约/预借
| 序号 | 登录号 | 条形码 | 馆藏地/架位号 | 状态 | 备注 |
| 1 | 468822 | 204688221 | 管理学院资料室/ [索取号:O15/Y930] | 在馆 |